Uma perspectiva etnológica da literatura angolana (Registo nº 201980)

Detalhes MARC
000 -Etiqueta do registo
Valores 00596nam 22002053 4500
021 ## - Número do Depósito Legal
Código do país Portugal
Número 15531/87
100 ## - Dados gerais de processamento
Dados gerais 20260427d u||y0pory50 ba
200 ## - Titulo e menção de responsabilidade
Título próprio Uma perspectiva etnológica da literatura angolana
Primeira menção de responsabilidade José Carlos Venâncio
205 ## - Menção da edição
Edição
210 ## - Publicação
Local de publicação Lisboa
Nome do editor Ulmeiro
Data de publicação 1987
215 ## - Descrição física 
Paginação / Volumes 140, [4] p.
225 ## - Colecção 
Título próprio da colecção Ulmeiro. Universidade
Número de parte ou secção 9
606 ## - Nome comum usado como assunto
ID Autoridade 3661
Palavra de ordem Crítica Literária.Estudos Literários
675 ## - CDU
Notação 82.09
Edição PT
Língua por
700 ## - Autor principal (pessoa individual)
ID Autoridade 11773
Apelido Venâncio
Nome José Carlos
Datas 1960 -
801 ## - Fonte de origem
País PT
Agência BMMN
Regras de catalogação RPC
830 ## - Notas gerais do catalogador
Criado por Vanda
990 ## - Elementos KOHA
Tipo de documento Livro
Exemplares
Situação do levantamento Biblioteca de origem Código de barras Cota Permissão de empréstimo Tipo de documento Forma de aquisição
  Biblioteca Municipal de Montemor-o-Novo 31380 82.09 VEN|DEP   Livro Compra

Powered by Koha